Nutrition and Biochemistry for nurses (Record no. 626)

MARC details
000 -LEADER
Fixed length control field 00524nam a2200205Ia 4500
003 - CONTROL NUMBER IDENTIFIER
Control field IIN
005 - DATE AND TIME OF LATEST TRANSACTION
Control field 20251103124135.0
008 - FIXED-LENGTH DATA ELEMENTS--GENERAL INFORMATION
Fixed length control field 231217s9999 xx 000 0 und d
020 ## - INTERNATIONAL STANDARD BOOK NUMBER / ISBN
Price Rs.595.00
International Standard Book Number 9789350909461
040 ## - CATALOGING SOURCE
Original cataloging agency IIN
Language of cataloging English
082 ## - DEWEY DECIMAL CLASSIFICATION NUMBER
Classification number 610.7
Book Number ANT
100 1# - MAIN ENTRY--PERSONAL NAME
Personal name Anthikad, Jacob
245 1# - TITLE STATEMENT
Title Nutrition and Biochemistry for nurses
Statement of responsibility Jacob Anthikad
250 ## - EDITION STATEMENT
Edition statement 2nd ed
260 ## - IMPRINT
Name of publisher Jaypee
Place of publication New Delhi
Date of publication 2014
300 ## - PHYSICAL DESCRIPTION
Page / Vol. No xxxv, 502 p.
650 1# - SUBJECT ADDED ENTRY--TOPICAL TERM
Topical term Nutrition
650 1# - SUBJECT ADDED ENTRY--TOPICAL TERM
Topical term Biochemistry
942 ## - ADDED ENTRY ELEMENTS (KOHA)
Koha item type Books
Holdings
Withdrawn status Lost status Source of classification Damaged status Not for loan Collection code Home library Current library Date acquired Price Total Checkouts Call number Accession number Date last seen Price effective from Koha item type Shelving location
    Dewey Decimal Classification       IDEAL INSTITUTE OF NURSING IDEAL INSTITUTE OF NURSING 17/12/2023 595.00   610.7 ANT 621 17/12/2023 17/12/2023 Books  
    Dewey Decimal Classification       IDEAL INSTITUTE OF NURSING IDEAL INSTITUTE OF NURSING 17/12/2023 595.00   610.7 ANT 622 17/12/2023 17/12/2023 Books  
    Dewey Decimal Classification       IDEAL INSTITUTE OF NURSING IDEAL INSTITUTE OF NURSING 17/12/2023 595.00   610.7 ANT 623 17/12/2023 17/12/2023 Books  
    Dewey Decimal Classification       IDEAL INSTITUTE OF NURSING IDEAL INSTITUTE OF NURSING 17/12/2023 595.00   610.7 ANT 624 17/12/2023 17/12/2023 Books  
    Dewey Decimal Classification       IDEAL INSTITUTE OF NURSING IDEAL INSTITUTE OF NURSING 17/12/2023 595.00   610.7 ANT 625 17/12/2023 17/12/2023 Books  
    Dewey Decimal Classification     Purches Book IDEAL INSTITUTE OF NURSING IDEAL INSTITUTE OF NURSING 11/03/2025 725.00   610.7 ANT 1755 28/03/2025 28/03/2025 Books General Stacks
© Ideal Institute Of Nursing, All rights reserved.         Powered by Koha